000 00804nam a2200229 i 4500
001 57916
003 ES-MaACL
005 20250704062528.0
007 t|
008 031020s1958 sp ||||1| spa d
100 1 _aDumas, Alexandre,
_d1802-1870
_eaut
_9241135
245 1 3 _aEl Conde de Monte Cristo /
_cAlejandro Dumas (padre) ; traducción directa del francés por María Teresa García ; prólogo de Salvador Bordoy Luque.
260 _aMadrid :
_bAguilar,
_c1958 (
_fGráf. Dirección)
300 _a2 t. :
_bretr. aut. ;
_c17 cm.
490 1 _aEl lince inquieto
700 1 _aGarcía, María Teresa.
_954076
700 1 _aBordoy Luque, Salvador.
_930424
830 0 _aEl lince inquieto
_9182633
852 _aES-MaACL
_jC-15201-2
_bR.42458
942 _2udc
999 _c57916
_d57916